000 nam a22 7a 4500
999 _c10897
_d10897
008 180308b ||||| |||| 00| 0 eng d
100 _aSharma,N.
_96709
245 _aCCE TFA 3 in One Science-VII
260 _aNew Delhi
_bS. Dinesh
_c2013